书目信息 |
| 题名: |
儿童语言与沟通障碍
|
|
| 作者: | Bernstein , Tiegerman-Farber 著 ;王大延 译 | |
| 分册: | ||
| 出版信息: | 台北 心理出版社股份有限公司 2008 |
|
| 页数: | 12,628页 | |
| 开本: | 23cm | |
| 丛书名: | 沟通障碍 | |
| 单 册: | ||
| 中图分类: | H018.4 , R767.92 | |
| 科图分类: | ||
| 主题词: | 儿童--语言障碍--研究 , 儿童 , 语言障碍 | |
| 电子资源: | ||
| ISBN: | 978-986-191-096-3 | |
| 000 | 01008oam2 2200313 450 | |
| 001 | 1531537689 | |
| 005 | 20150201084604.01 | |
| 010 | @a978-986-191-096-3@dTWD700.00 | |
| 100 | @a20110803d2008 em y0chiy50 ea | |
| 101 | 1 | @achi@ceng |
| 102 | @aCN@b710000 | |
| 105 | @ay z 000yy | |
| 200 | 1 | @a儿童语言与沟通障碍@9er tong yu yan yu gou tong zhang ai@dLanguage and communication disorders in children@fD. K. Bernstein,E. Tiegerman-Farber著@g王大延[等]译@zeng |
| 210 | @a台北@c心理出版社股份有限公司@d2008 | |
| 215 | @a12,628页@d23cm | |
| 225 | 1 | @a沟通障碍@v13 |
| 305 | @a据原书第5版译出 | |
| 461 | 0 | @12001 @a沟通障碍 |
| 510 | 1 | @aLanguage and communication disorders in children@zeng |
| 606 | 0 | @a儿童@x语言障碍@x研究 |
| 606 | 0 | @a儿童 |
| 606 | 0 | @a语言障碍 |
| 690 | @aH018.4@v5 | |
| 690 | @aR767.92@v5 | |
| 701 | 1 | @aBernstein@bD. K.@4著 |
| 701 | 1 | @aTiegerman-Farber@bE.@4著 |
| 702 | 0 | @a王大延@9wang da yan@4译 |
| 801 | 0 | @aCN@bTSSF@c20150201 |
| 905 | @aZUCC@dH018.4@eJY6 | |
| 儿童语言与沟通障碍=Language and communication disorders in children/D. K. Bernstein,E. Tiegerman-Farber著/王大延[等]译.-台北:心理出版社股份有限公司,2008 |
| 12,628页;23cm.-(沟通障碍;13) |
| ISBN 978-986-191-096-3:TWD700.00 |
| ● |
| 相关链接 |
|
|
|
|
正题名:儿童语言与沟通障碍
索取号:H018.4/JY6
 
预约/预借
| 序号 | 登录号 | 条形码 | 馆藏地/架位号 | 状态 | 备注 |
| 1 | 7864118 | 278641187 | 学院路分馆/ [索取号:H018.4/JY6] | 在馆 | |
| 2 | 7864119 | 278641196 | 学院路分馆/ [索取号:H018.4/JY6] | 在馆 |